| 000 | 00629nas a22002057a 4500 | ||
|---|---|---|---|
| 003 | AM-YeHGA | ||
| 005 | 20260327133547.0 | ||
| 008 | 190924b19091909arm||||| |||| 00| 0 arm d | ||
| 040 | _aAM-YeHGA | ||
| 041 | 0 | _aarm | |
| 222 | _aՏաճար | ||
| 245 | 0 | 0 |
_aՏաճար ։ _bԿրօնա-եկեղեցական կիսամսեա հանդէս |
| 260 |
_aԿ.Պոլիս ։ _bՏպ. Օսմանեան Գործակցական Ընկերության ։ _c1909- |
||
| 300 | _aհամար | ||
| 310 | _aԿեսամսյա | ||
| 362 | 0 | _a1909- | |
| 650 | 0 | 4 | _aԱմսագիր |
| 650 | 1 | 4 |
_aԿրոն _vՊարբերականներ |
| 942 |
_2udc _cCR |
||
| 999 |
_c437758 _d437758 |
||